| 000 | 01010nam a2200277 4500 | ||
|---|---|---|---|
| 001 | 0000014933 | ||
| 003 | CO-CtgCURN | ||
| 005 | 20250329191012.0 | ||
| 007 | ta | ||
| 008 | 160627s1982 000 0 eng d | ||
| 020 | _a9684513127 | ||
| 040 |
_aCO-CtgCURN _bspa _ccoctgcurn |
||
| 082 | 0 |
_a658.403 _bG16m |
|
| 100 | 1 | _aGallagher, Charles A. | |
| 245 | 1 | 0 |
_aMetodos cuantitativos para la toma de decisiones en Administración / _cCharles A. Gallagher , Hugh J. Watson , traducción Marcia González Osuna , revision tecnica Julio Alonso Cruz. |
| 260 |
_aMexico : _bMcGraw-Hill, _c1982. |
||
| 300 | _axviii, 612 p. | ||
| 336 | _2rdacontent | ||
| 337 |
_2rdamedia _asin mediacion _bn |
||
| 338 |
_2rdacarrier _avolumen _bnc |
||
| 500 | _aIncluye bibliografia e indice \ Traducción de. Quantitative methods for business decisions. | ||
| 650 | 1 | 4 | _aAdministración. |
| 908 | _a160627 | ||
| 942 |
_cBK _h658.403 _iG16m _2ddc |
||
| 999 |
_c10806 _d10806 |
||